000 00693nam a2200241 a 4500
001 46771
003 BD-RjUL
005 20211209054213.0
008 160804s1954 pk 000 0 eng
035 _a(BD-RjUL)46890
040 _aDLC
_cDLC
_dDLC
_dBD-RjUL
_beng
041 _aeng
082 _223
_a347.9
_bSIF 1954
100 1 _aSiddiq, Muhammad.
_9142517
245 0 0 _aFederal Court practice & procedure. /
_c Muhammad Siddiq
250 _a1st ed.
260 _aKarachi :
_bPakistan Law House,
_c1954.
300 _a[8], 500 p. ;
_c24 cm.
650 _aJurisdiction
_zPakistan.
_9142518
650 _aCourt rules
_zPakistan.
_9142519
942 _2ddc
_cBK
999 _c46771
_d46771